RMP - World Mythology | 1 | 2 | 0 | 0 | 35 | 58 | 93.33 | 0 | 0 |
Science - Physics | 0 | 3 | 0 | 0 | 30 | 87 | 104.33 | 0 | 0 |
RMP - Greco-Roman Mythology | 1 | 1 | 0 | 0 | 25 | 80 | 81.00 | 0 | 0 |
History - American | 1 | 0 | 0 | 0 | 15 | 39 | 39.00 | 0 | 0 |
Other - Other Academic and General Knowledge | 0 | 1 | 0 | 0 | 10 | 93 | 93.00 | 0 | 0 |
RMP - Hebrew Bible | 0 | 1 | 0 | 0 | 10 | 90 | 90.00 | 0 | 0 |
RMP - Islam | 0 | 1 | 0 | 0 | 10 | 123 | 123.00 | 0 | 0 |
RMP - Jewish Practice | 0 | 1 | 0 | 0 | 10 | 110 | 110.00 | 0 | 0 |
RMP - Philosophy | 0 | 1 | 0 | 0 | 10 | 73 | 73.00 | 0 | 1 |
Science - Astronomy | 0 | 1 | 0 | 0 | 10 | 118 | 118.00 | 0 | 0 |
Science - Chemistry | 0 | 1 | 0 | 0 | 10 | 101 | 101.00 | 0 | 0 |
Science - Computer Science | 0 | 1 | 0 | 0 | 10 | 119 | 119.00 | 0 | 0 |
Science - Engineering and Miscellaneous | 0 | 1 | 0 | 0 | 10 | 99 | 99.00 | 0 | 0 |
Science - Math | 0 | 1 | 0 | 0 | 10 | 113 | 113.00 | 0 | 0 |
Social Science - Economics | 0 | 1 | 0 | 0 | 10 | 130 | 130.00 | 0 | 0 |
Geography - Europe | 0 | 1 | 0 | 0 | 10 | 129 | 129.00 | 0 | 0 |
Literature - British | 0 | 1 | 0 | 0 | 10 | 138 | 138.00 | 0 | 0 |
Literature - European | 0 | 1 | 0 | 0 | 10 | 111 | 111.00 | 0 | 0 |
Fine Arts - Sculpture | 0 | 0 | 0 | 0 | 0 | | 0.00 | 0 | 0 |